00641nam a2200205 a 450000100060000000300080000600500170001400800410003103500190007204000410009104100080013208200250014010000230016524500450018826000420023330000210027550200790029650400470037565000130042270079BD-RjUL20211209081948.0170416s1945 nyu b 001 0 eng u a(BD-RjUL)70291 cCOOdNYPdOCLdBD-RjULaBD-RjULbeng aeng a916.53223bWYK 19451 aWysner, Glora May.14aThe Kabyle people /cby Glora M. Wysner. aNew York :bPrivately printed,c1945. a223 p. ;c22 cm. aThesis (Ph. D.)--Hartford Seminary Foundation, Kennedy School of Missions. aBibliography: p. 214-220 - Includes index. 0aKabyles.